VFA Teams - Statistics

General Stats
  • This quiz has been taken 7 times
  • The average score is 38 of 50
Answer Stats
Hint Answer % Correct
VFL Box Hill
100%
Brunswick
100%
VFL Casey
100%
VFL Coburg
100%
VFL/AFL Collingwood
100%
Dandenong
100%
VFL/AFL Essendon
100%
VFL/AFL (Extinct) Fitzroy
100%
VFL Frankston
100%
VFL/AFL Geelong
100%
Geelong West
100%
VFL/AFL Hawthorn
100%
VFL/AFL Melbourne
100%
VFL Northern Bullants
100%
VFL/AFL North Melbourne
100%
Port Melbourne
100%
VFL/AFL Richmond
100%
VFL Sandringham
100%
Sunshine
100%
VFL/AFL Sydney
100%
VFL Werribee
100%
VFL/AFL Western Bulldogs
100%
VFL Williamstown
100%
Camberwell
83%
VFL/AFL Carlton
83%
Moorabbin
83%
Mordialloc
83%
Northcote
83%
Oakleigh
83%
VFL/AFL St Kilda
83%
Ballarat
67%
Brighton
67%
East Melbourne
67%
Prahran
67%
Waverley
67%
West Melbourne
67%
Yarraville
67%
Berwick
50%
Caulfield
50%
Association Essendon Association
50%
Association Geelong Association
50%
Melbourne City
50%
VFL (Extinct) University
50%
Original Albert Park
33%
Ballarat Imperial
33%
Kilsyth
33%
South Ballarat
33%
Original Barwon
17%
Original Prahan
17%
South Williamstown
17%
No matching quizzes found
Score Distribution
Percent of People with Each Score
Percentile by Number Answered
Your Score History
You have not taken this quiz